000 00566nam a2200253Ia 4500
005 20250425162549.0
008 250425s9999 xx 000 0 und d
020 _a8131402725
041 _aspa
082 _a540
100 _aHARRIS, FRANK E.
245 0 _aPRINCIPIOS DE QUIMICA
250 _a1A ED.
260 _aMEXICO
260 _aMéxico
_bPUBLICACIONES CULTURAL
_c1975
300 _a270
650 _aESTRUCTURA
650 _aONDAS
650 _aPARTICULAS
650 _aPROPIEDADES
650 _aQUIMICA
942 _c01
010 _a85857
999 _c231823
_d231823